书目信息 |
| 题名: |
高频电子线路
|
|
| 作者: | 高吉祥 主编 | |
| 分册: | ||
| 出版信息: | 北京 电子工业出版社 2007 |
|
| 页数: | 498页 | |
| 开本: | 24cm | |
| 丛书名: | ||
| 单 册: | ||
| 中图分类: | TN710.2 | |
| 科图分类: | ||
| 主题词: | 高频--电子电路--高等教育--教材 , 高频 , 电子电路 | |
| 电子资源: | ||
| ISBN: | 978-7-121-03803-7 | |
| 000 | 00947nam0 2200289 450 | |
| 001 | 003441280 | |
| 005 | 20080229101607.87 | |
| 010 | @a978-7-121-03803-7@dCNY38.00 | |
| 035 | @a003441280 | |
| 100 | @a20070327d2007 em y0chiy0110 ea | |
| 101 | 0 | @achi |
| 102 | @aCN@b110000 | |
| 105 | @ay z 000yy | |
| 106 | @ar | |
| 200 | 1 | @a高频电子线路@Agao pin dian zi xian lu@f高吉祥主编 |
| 205 | @a2版 | |
| 210 | @a北京@c电子工业出版社@d2007 | |
| 215 | @a498页@d24cm | |
| 300 | @a普通高等教育“十一五”国家级规划教材 电子信息科学与电气信息类基础课程 | |
| 330 | @a主要介绍了简单谐振回路及各种滤波器、高频小信号放大器、噪声与干扰、高频功率放大器和功率合成技术、各类正弦振荡器、频谱变换电路、数字调制及解调等内容。 | |
| 606 | 0 | @a高频@x电子电路@x高等教育@j教材 |
| 606 | 0 | @a高频 |
| 606 | 0 | @a电子电路 |
| 690 | @aTN710.2@v4 | |
| 701 | 0 | @a高吉祥@Agao ji xiang@c(电子电路)@4主编 |
| 801 | 0 | @aCN@bNLC@c20080229 |
| 905 | @dTN710.2@e258=2@f4 | |
| 高频电子线路/高吉祥主编.-2版.-北京:电子工业出版社,2007 |
| 498页;24cm |
| 普通高等教育“十一五”国家级规划教材 电子信息科学与电气信息类基础课程 |
| ISBN 978-7-121-03803-7:CNY38.00 |
| 主要介绍了简单谐振回路及各种滤波器、高频小信号放大器、噪声与干扰、高频功率放大器和功率合成技术、各类正弦振荡器、频谱变换电路、数字调制及解调等内容。 |
| ● |
| 相关链接 |
|
|
|
|
正题名:高频电子线路
索取号:TN710.2/258=2
 
预约/预借
| 序号 | 登录号 | 条形码 | 馆藏地/架位号 | 状态 | 备注 |
| 1 | 0793256 | 207932567 | 第二样本阅览室/ [索取号:TN710.2/258=2] | 在馆 | |
| 2 | 0793257 | 207932576 | 第三借阅区/ [索取号:TN710.2/258=2] | 在馆 | |
| 3 | 0793258 | 207932585 | 第三借阅区/ [索取号:TN710.2/258=2] | 在馆 | |
| 4 | 0793259 | 207932594 | 第三借阅区/ [索取号:TN710.2/258=2] | 在馆 |